000 01293nam a2200337Ia 4500
001 ebr10346043
003 CaPaEBR
006 m u
007 cr cn|||||||||
008 070619s2008 enka sb 001 0 eng d
010 _z 2007025830
020 _z9781405122535 (pbk. : alk. paper)
020 _z1405122536 (pbk. : alk. paper)
040 _aCaPaEBR
_cCaPaEBR
035 _a(OCoLC)476272502
050 1 4 _aRC266
_b.C355 2008eb
082 0 4 _a616.99/40231
_222
245 0 0 _aCancer nursing
_h[electronic resource] :
_bcare in context /
_cedited by Jessica Corner and Christopher Bailey.
250 _a2nd ed.
260 _aOxford ;
_aMalden, MA :
_bBlackwell Pub.,
_cc2008.
300 _axii, 724 p. :
_bill.
504 _aIncludes bibliographical references and index.
533 _aElectronic reproduction.
_bPalo Alto, Calif. :
_cebrary,
_d2010.
_nAvailable via World Wide Web.
_nAccess may be limited to ebrary affiliated libraries.
650 0 _aCancer
_xNursing.
650 0 _aCancer
_xTreatment.
655 7 _aElectronic books.
_2local
700 1 _aCorner, Jessica.
700 1 _aBailey, Christopher.
710 2 _aebrary, Inc.
856 4 0 _uhttp://site.ebrary.com/lib/rucke/Doc?id=10346043
_zAn electronic book accessible through the World Wide Web; click to view
999 _c48311
_d48311